Planning obligation by deed of agreement under section 106 of the Town and Country Planning Act 1990 (Record no. 105701)
[ view plain ]
| 000 -LEADER | |
|---|---|
| fixed length control field | 01261cam a2200241 4500 |
| 001 - CONTROL NUMBER | |
| control field | ##L134497 |
| 008 - FIXED-LENGTH DATA ELEMENTS--GENERAL INFORMATION | |
| fixed length control field | 060811n2006 000 0 eng u |
| 035 ## - SYSTEM CONTROL NUMBER | |
| System control number | (Sirsi) u134497 |
| 041 0# - LANGUAGE CODE | |
| Language code of text/sound track or separate title | eng |
| 050 04 - LIBRARY OF CONGRESS CALL NUMBER | |
| Classification number | 711.1 $2 18 |
| 110 2# - MAIN ENTRY--CORPORATE NAME | |
| Corporate name or jurisdiction name as entry element | The Law Society of England and Wales |
| Subordinate unit | Planning and Environment Law Committee |
| 9 (RLIN) | 5009 |
| 245 00 - TITLE STATEMENT | |
| Title | Planning obligation by deed of agreement under section 106 of the Town and Country Planning Act 1990 |
| 260 ## - PUBLICATION, DISTRIBUTION, ETC. | |
| Place of publication, distribution, etc. | London |
| Name of publisher, distributor, etc. | Law Sociey of England and Wales |
| Date of publication, distribution, etc. | 2006 |
| 520 ## - SUMMARY, ETC. | |
| Summary, etc. | This model s106 agreement has been prepared by the Law Society's Planning and Environmental Law Committee for use by all parties involved in the planning obligations process. Guidance on the use of this agreement is to be found in Annex B para B36 of ODPM Circular 5/2005 "Planning obligations" (L130407). |
| 590 ## - LOCAL NOTE (RLIN) | |
| Local note | IKA220806 NTK, KA |
| 650 24 - SUBJECT ADDED ENTRY--TOPICAL TERM | |
| Topical term or geographic name entry element | TOWN AND COUNTRY PLANNING ACT 1990 S106 |
| 650 24 - SUBJECT ADDED ENTRY--TOPICAL TERM | |
| Topical term or geographic name entry element | Affordable housing |
| 9 (RLIN) | 6215 |
| 650 24 - SUBJECT ADDED ENTRY--TOPICAL TERM | |
| Topical term or geographic name entry element | ODPM CIRCULAR 05/2005 |
| 651 #4 - SUBJECT ADDED ENTRY--GEOGRAPHIC NAME | |
| Geographic name | England |
| Chronological subdivision | 886- |
| 690 ## - LOCAL SUBJECT ADDED ENTRY--TOPICAL TERM (OCLC, RLIN) | |
| Topical term or geographic name as entry element | ENVIRONMENTAL AND LAND CONSULTANCY-PLANNING AND DEVELOPMENT-PLANNING GUIDANCE |
| 856 40 - ELECTRONIC LOCATION AND ACCESS | |
| Uniform Resource Identifier | <a href="https://www.communities.gov.uk/index.asp?id=1500832">https://www.communities.gov.uk/index.asp?id=1500832</a> |
| Public note | View the model agreement free of charge at www.communities.gov.uk... |
| 942 ## - ADDED ENTRY ELEMENTS (KOHA) | |
| Suppress in OPAC | 0 |
| Withdrawn status | Lost status | Source of classification or shelving scheme | Damaged status | Not for loan | Home library | Current library | Shelving location | Date acquired | Total Checkouts | Full call number | Barcode | Date last seen | Copy number | Price effective from | Koha item type |
|---|---|---|---|---|---|---|---|---|---|---|---|---|---|---|---|
| Dewey Decimal Classification | Virtual | Virtual | Online | 11/08/2006 | ONLINE PUBLICATION | 134497-2001 | 06/08/2019 | 1 | 06/08/2019 | Book |